Výrazný podpis na tvári miesta Dnes sme sa rozlúčili s Ing. arch. Jánom Šprlákom - Uličným

Bibliographic Details
Main Author: Drahovský, Martin, 1951- (Author)
Format: Article
Language:Slovak
Subjects:

MARC

LEADER 00000nab a2200000 a 4500
001 vtls000919050
003 SK-MaSNL
005 20260305042903.0
008 040720e19930202xo 0 slo
035 |a KE27927 
040 |a KEVKJB  |b slo  |c KEVKJB  |e AACR2 
041 0 |a slo 
044 |a xo  |c SK 
080 |a 393  |2 1981 
080 |a 929  |2 1981 
100 1 |a Drahovský, Martin,  |d 1951-  |4 aut  |9 109285 
245 1 0 |a Výrazný podpis na tvári miesta  |b Dnes sme sa rozlúčili s Ing. arch. Jánom Šprlákom - Uličným 
590 |a Šprlák Uličný, Ján ?-1993  |b architekt 
600 1 7 |a Šprlák Uličný, Ján ?-1993  |2 KEVKJB  |9 887214 
650 0 7 |a úmrtie  |2 KEVKJB  |9 3886 
650 0 7 |a nekrológy   |2 KEVKJB  |9 28957 
651 7 |a KE,  |2 KEVKJB  |9 877256 
655 7 |a periodikum  |2 snkbucl  |9 29553 
773 0 8 |t Košický večer  |g Roč. 4  |g Roč. 28, č.22, 2.2.1993, s. 7 
852 |a ZVYKNI  |b KIS3GCP 
999 |c 3351566  |d 3353496